000 00510nam a22001457a 4500
003 LK-CoDNM
005 20240920142338.0
008 240920b |||||||| |||| 00| 0 eng d
040 _aLK-CoDNM
_dLK-CoDNM
_eLK-CoDNM
100 _aමාපලගම ජිනානන්ද හිමි
245 _aමෛත්‍රී චින්තා
260 _aකාර්මික විද්‍යාලීය මුද්‍රණාලය
_bගාල්ල
_c1962
300 _aII , 11p ; 21cm
942 _cBK
999 _c152510
_d152510